00496nam a2200157 i 4500001000300000100001700003245008700020260002100107700002200128700002000150040000800170041000800178080001300186008004100199856009800240bg1 aBUKOWY, Adam 0aOrganizacja przetwarzania danych /cAdam Bukowy, Maria Raciborska, Piotr SkumiaƂ. aWarszawa,c1976.1 aRACIBORSKA, Maria1 aSKUMIAƁ, Piotr cBPK apol a681.3.01 s pl f |000 0 pol  uhttp://koha.tu.koszalin.pl/cgi-bin/koha/opac-detail.pl?biblionumber=27682yKatalog online BPK